Words that Rhyme with 'Make' - Statistics

General Stats
  • This quiz has been taken 58 times
  • The average score is 17 of 20
Answer Stats
Hint Answer % Correct
9) He was asleep, but now he is ? Awake
96%
1) An automatic car has an accelerator and a ? Brake
96%
16) Working in a freezer you are allowed a 15 minute ' ? ' every hour. Break
94%
5) A Boa constrictor is a non-venomous ? Snake
94%
12) Married bliss is 'Give and ?' Take
92%
13) Lie out in the sun and ? Bake
91%
2) Baikal and Superior are examples of a ? Lake
91%
18) The age of the ink may prove whether the signature is a ' ? ' Fake
89%
20) The slight shudder was like the beginning of an 'Earth ?' Quake
89%
17) Vanilla was voted the favourite ' Milk ?' Shake
89%
10) Porterhouse, T-bone and Sirloin are cuts of ? Steak
89%
15) To kill a vampire a wooden ' ? ' through the heart Stake
87%
6) A chronic pain can be termed an ? Ache
85%
8) Black Forest, Wedding and Angel can be forms of ? Cake
83%
3) A male duck is a ? Drake
83%
7) If it is not transparent it can be called ? Opaque
83%
19) Cheers, for old times ' ? ' Sake
81%
14) Soldiers rampaged through the town, leaving chaos in their ? Wake
81%
11) Paint on paint will tend to ? Flake
66%
4) Fish member of the cod family, found at 1,000 metres deep? Hake
49%
No matching quizzes found
Score Distribution
Percent of People with Each Score
Percentile by Number Answered
Your Score History
You have not taken this quiz